000 00491nam a2200169Ia 4500
008 230718s9999 xx 000 0 und d
020 _a9789350231630
041 _aeng
082 _a005.678
_bLUT
100 _aLuthra C.
_9175385
245 _aFirebug 1.5
_bEditing, Debugging And Monitoring Web Pages
260 _c2010
_bPackt Publishing
300 _a205
365 _cRs.
_b300.00
700 _aLuthra C. & Mittal D.
_9191763
906 _dO:0144230-Dec-2010B:643430-Nov-2010
_cCOMP
_b75
999 _c326796
_d326796